Statistics for Every Red Bull Racing Car in F1

Click here to take the quiz!

General Stats

  • This quiz has been taken 22 times
  • The average score is 19 of 20

Answer Stats

Year UsedCar% Correct
2005RB1
100%
2006RB2
100%
2007RB3
100%
2014RB10
95%
2015RB11
95%
2016RB12
95%
2017RB13
95%
2018RB14
95%
2020RB16
95%
2022RB18
95%
2023RB19
95%
2024RB20
95%
2008RB4
95%
2009RB5
95%
2010RB6
95%
2011RB7
95%
2012RB8
95%
2013RB9
95%
2019RB15
90%
2021RB16B
81%

Score Distribution

Percentile by Number Answered

Percent of People with Each Score

Your Score History

You have not taken this quiz